[Event "CZE-chT2B 1718"]
[Site "Czech Republic"]
[Date "2018.02.25"]
[Round "9.2"]
[White "Pribyl, Jakub"]
[Black "Dufek, Jiri"]
[Result "0-1"]
[WhiteElo "2143"]
[BlackElo "2306"]
[PlyCount "92"]
[EventDate "2017.10.15"]
[EventType "team-tourn"]
[EventRounds "11"]
[EventCountry "CZE"]
[SourceTitle "EXT 2022"]
[Source "ChessBase"]
[SourceDate "2021.10.06"]
[SourceVersion "1"]
[SourceVersionDate "2021.10.06"]
[SourceQuality "1"]
[WhiteTeam "Usti nad Labem"]
[BlackTeam "Teplice"]
[WhiteTeamCountry "CZE"]
[BlackTeamCountry "CZE"]

1. e4 e5 2. Nf3 Nc6 3. Bc4 Bc5 4. Qe2 Nf6 5. c3 0-0 6. d3 d5 7. Bb3 h6 8. 0-0 Re8 9. Rd1 a6 10. Nbd2 Bf8 11. Nf1 Na5 12. Bc2 c5 13. h3 d4 14. Bd2 Nc6 15. Bb3 Na5 16. Bc2 Nc6 17. Bb3 b5 18. cxd4 cxd4 19. a3 a5 20. g4 a4 21. Ba2 Nh7 22. Ng3 g6 23. Kh2 Na5 24. Bd5 Ra6 25. Rg1 Be6 26. Bxe6 Rexe6 27. Nf5 Nb3 28. Rad1 Nxd2 29. Rxd2 Ng5 30. Ng3 Rac6 31. Nxg5 Qxg5 32. Rc2 Qf4 33. Kg2 Be7 34. Rb1 Bh4 35. b3 Rf6 36. Rxc6 Rxc6 37. bxa4 bxa4 38. Nf1 Rc3 39. Ra1 Be7 40. Ng3 Qf6 41. Rb1 Qa6 42. Rb8+ Kg7 43. Re8 Bxa3 44. Rxe5 Bd6 45. Rd5 Bxg3 46. Kxg3 a3 0-1

[Event "CZE-chT B1 corr"]
[Site "Czech Republic"]
[Date "2000.??.??"]
[Round "?"]
[White "Dufek, Jiri"]
[Black "Boukal, Petr"]
[Result "1/2-1/2"]
[WhiteElo "2400"]
[BlackElo "2450"]
[PlyCount "49"]
[EventDate "2000.??.??"]
[EventType "team (corr)"]
[EventRounds "14"]
[EventCountry "CZE"]
[SourceTitle "Corr 2002"]
[Source "ChessBase"]
[SourceDate "2002.05.23"]
[SourceVersion "1"]
[SourceVersionDate "2002.05.23"]
[SourceQuality "1"]

1. d4 Nf6 2. c4 g6 3. Nc3 Bg7 4. e4 d6 5. Nf3 0-0 6. Be2 e5 7. 0-0 Nc6 8. d5 Ne7 9. b4 a5 10. Ba3 axb4 11. Bxb4 b6 12. a4 Re8 13. Re1 Bf8 14. Qd3 c5 15. dxc6 Nxc6 16. Ba3 Na5 17. Reb1 Ba6 18. Nd2 Bh6 19. Bb4 Bxd2 20. Qxd2 Nxc4 21. Qa2 Na5 22. Bxa6 Rxa6 23. Rd1 Nb7 24. f3 Re6 25. Qc4 1/2-1/2

[Event "CZE-chT2b 0001"]
[Site "Czech Republic"]
[Date "2000.??.??"]
[Round "?"]
[White "Dufek, Jiri"]
[Black "Horak, J."]
[Result "1-0"]
[WhiteElo "2250"]
[BlackElo "2270"]
[PlyCount "79"]
[EventDate "2000.??.??"]
[EventType "team"]
[EventRounds "11"]
[EventCountry "CZE"]
[SourceTitle "EXT 2003"]
[Source "ChessBase"]
[SourceDate "2002.11.25"]
[SourceVersion "1"]
[SourceVersionDate "2002.11.25"]
[SourceQuality "1"]

1. Nf3 d5 2. c4 e6 3. d4 Be7 4. Nc3 c6 5. Qc2 Nd7 6. e3 Ngf6 7. Bd3 0-0 8. 0-0 a6 9. b3 b6 10. Bb2 Bb7 11. Rad1 Qc7 12. Ne5 Rac8 13. f4 c5 14. cxd5 cxd4 15. exd4 exd5 16. Nxd7 Nxd7 17. Bxh7+ Kh8 18. Bf5 g6 19. Bxd7 Qxd7 20. f5 Kg7 21. Rd3 Bf6 22. Rg3 Rh8 23. Qd2 Rh4 24. fxg6 Bxd4+ 25. Qxd4+ Rxd4 26. Ne2 fxg6 27. Bxd4+ Kh6 28. Rh3+ Qxh3 29. gxh3 Rc2 30. Ng3 Rxa2 31. Rf7 Bc8 32. h4 Bh3 33. Be3+ g5 34. hxg5+ Kg6 35. Rf6+ Kg7 36. Nf5+ Kg8 37. Ne7+ Kg7 38. Nf5+ Kg8 39. Ne7+ Kg7 40. Bd4 1-0

[Event "CZE-chT B1 corr"]
[Site "Czech Republic"]
[Date "2000.??.??"]
[Round "?"]
[White "Dufek, Jiri"]
[Black "Janous, Petr"]
[Result "1/2-1/2"]
[WhiteElo "2400"]
[BlackElo "2195"]
[PlyCount "47"]
[EventDate "2000.??.??"]
[EventType "team (corr)"]
[EventRounds "14"]
[EventCountry "CZE"]
[SourceTitle "Corr 2002"]
[Source "ChessBase"]
[SourceDate "2002.05.23"]
[SourceVersion "1"]
[SourceVersionDate "2002.05.23"]
[SourceQuality "1"]

1. e4 e5 2. Nf3 Nc6 3. Bb5 a6 4. Ba4 Nf6 5. 0-0 Be7 6. Re1 b5 7. Bb3 0-0 8. a4 b4 9. d3 d6 10. a5 Rb8 11. Nbd2 Nd7 12. Nf1 Nc5 13. Bd5 Nd4 14. Be3 Bf6 15. N1d2 Be6 16. Bxd4 exd4 17. Bxe6 Nxe6 18. e5 dxe5 19. Nxe5 Qd5 20. Qf3 Qxf3 21. Ndxf3 Bxe5 22. Nxe5 Rbd8 23. Re2 Rfe8 24. Rae1 1/2-1/2

[Event "CZE-chT B1 corr"]
[Site "Czech Republic"]
[Date "2000.??.??"]
[Round "?"]
[White "Merlicek, Jiri"]
[Black "Dufek, Jiri"]
[Result "1/2-1/2"]
[WhiteElo "2380"]
[BlackElo "2400"]
[PlyCount "100"]
[EventDate "2000.??.??"]
[EventType "team (corr)"]
[EventRounds "14"]
[EventCountry "CZE"]
[SourceTitle "Corr 2002"]
[Source "ChessBase"]
[SourceDate "2002.05.23"]
[SourceVersion "1"]
[SourceVersionDate "2002.05.23"]
[SourceQuality "1"]

1. d4 Nf6 2. Nf3 e6 3. c4 b6 4. g3 Ba6 5. b3 Bb4+ 6. Bd2 Be7 7. Bg2 c6 8. Bc3 d5 9. Ne5 Nfd7 10. Nxd7 Nxd7 11. Nd2 0-0 12. 0-0 Rc8 13. e4 b5 14. Re1 dxc4 15. bxc4 bxc4 16. Qa4 Bb5 17. Qc2 Re8 18. a4 Ba6 19. Rad1 Bf8 20. Re3 c5 21. d5 exd5 22. exd5 Rxe3 23. fxe3 Qg5 24. Qe4 Nb6 25. Nf3 Qg6 26. Qxg6 hxg6 27. a5 Na4 28. Rc1 Re8 29. Kf2 Nxc3 30. Rxc3 Rb8 31. Bf1 Rb2+ 32. Ke1 Bd6 33. Bxc4 Bc7 34. Kd1 Bxa5 35. Rc1 Bb7 36. Rc2 Rb1+ 37. Rc1 Rxc1+ 38. Kxc1 Kf8 39. Ne5 Ke7 40. Kc2 Bc7 41. Nc6+ Bxc6 42. dxc6 f5 43. Kb3 Kd6 44. Bf7 g5 45. Bg6 Ke5 46. Kc4 Bb6 47. h3 a6 48. Bh7 g4 49. hxg4 fxg4 50. Bc2 Ke6 1/2-1/2

[Event "CZE-chT B1 corr"]
[Site "Czech Republic"]
[Date "2000.??.??"]
[Round "?"]
[White "Pospisil, Ludvik"]
[Black "Dufek, Jiri"]
[Result "0-1"]
[WhiteElo "2330"]
[BlackElo "2400"]
[PlyCount "86"]
[EventDate "2000.??.??"]
[EventType "team (corr)"]
[EventRounds "14"]
[EventCountry "CZE"]
[SourceTitle "Corr 2002"]
[Source "ChessBase"]
[SourceDate "2002.05.23"]
[SourceVersion "1"]
[SourceVersionDate "2002.05.23"]
[SourceQuality "1"]

1. e4 c5 2. Nf3 e6 3. b3 d6 4. Bb2 Nc6 5. Bb5 Bd7 6. d4 cxd4 7. Nxd4 Nf6 8. Nxc6 Bxc6 9. Bxc6+ bxc6 10. Nd2 d5 11. 0-0 Be7 12. e5 Nd7 13. Qg4 0-0 14. Nf3 a5 15. Bc1 Kh8 16. Bd2 a4 17. Rfe1 c5 18. Bf4 Qa5 19. Bd2 Qd8 20. Bf4 Qc7 21. Qh5 Kg8 22. Bg5 Bxg5 23. Qxg5 Ra6 24. Reb1 Rfa8 25. Rb2 axb3 26. cxb3 Ra3 27. h3 h6 28. Qf4 R8a5 29. Qe3 Nb8 30. Ne1 Qa7 31. Nd3 Nc6 32. Nc1 Qc7 33. f4 c4 34. Qc3 Qa7+ 35. Kh2 Rc5 36. Rc2 d4 37. Qe1 d3 38. Rc3 Qa5 39. Qd2 Nd4 40. Qb2 d2 41. b4 Qd8 42. Nd3 Rxc3 43. Qxc3 Nb5 0-1

[Event "CZE-chT corr"]
[Site "Czech Republic"]
[Date "1996.??.??"]
[Round "?"]
[White "Chytilek, Roman"]
[Black "Dufek, Jiri"]
[Result "1-0"]
[WhiteElo "2170"]
[BlackElo "2335"]
[PlyCount "83"]
[EventDate "1996.??.??"]
[EventType "tourn (corr)"]
[EventRounds "10"]
[EventCountry "CSR"]
[SourceTitle "Corr 2000"]
[Source "ChessBase"]
[SourceDate "2000.04.19"]
[SourceVersion "1"]
[SourceVersionDate "2000.04.19"]
[SourceQuality "1"]

1. d4 d5 2. c4 c6 3. Nf3 Nf6 4. Nc3 dxc4 5. a4 Bf5 6. Ne5 e6 7. f3 Bb4 8. e4 Bxe4 9. fxe4 Nxe4 10. Bd2 Qxd4 11. Nxe4 Qxe4+ 12. Qe2 Bxd2+ 13. Kxd2 Qd5+ 14. Kc3 0-0 15. Qe3 f6 16. Nxc4 b5 17. Be2 bxc4 18. Bxc4 Qe5+ 19. Qxe5 fxe5 20. Rhe1 Rf6 21. Rad1 Kf7 22. Rd8 a5 23. Red1 Rf2 24. R1d2 Rxd2 25. Kxd2 Ke7 26. Rh8 h6 27. Ke3 Kf7 28. Kf3 Ke7 29. Kg4 Kd6 30. Rg8 Kc5 31. Bxe6 Kd4 32. Kf3 g5 33. Rd8+ Kc5 34. Ke4 Kb6 35. Kxe5 Kc7 36. Rc8+ Kb7 37. Kd6 Ra6 38. Rc7+ Ka8 39. Kc5 Ra7 40. Rxa7+ Kxa7 41. Bc8 h5 42. g3 1-0

[Event "CZE-chT corr"]
[Site "Czech Republic"]
[Date "1996.??.??"]
[Round "?"]
[White "Dufek, Jiri"]
[Black "Jandovsky, Viktor"]
[Result "1-0"]
[WhiteElo "2335"]
[BlackElo "2275"]
[PlyCount "81"]
[EventDate "1996.??.??"]
[EventType "tourn (corr)"]
[EventRounds "10"]
[EventCountry "CSR"]
[SourceTitle "Corr 2000"]
[Source "ChessBase"]
[SourceDate "2000.04.19"]
[SourceVersion "1"]
[SourceVersionDate "2000.04.19"]
[SourceQuality "1"]

1. e4 c5 2. Nf3 Nc6 3. d4 cxd4 4. Nxd4 Nf6 5. Nc3 d6 6. Bg5 e6 7. Qd2 Be7 8. 0-0-0 0-0 9. f4 Nxd4 10. Qxd4 Qa5 11. Bc4 Bd7 12. e5 dxe5 13. fxe5 Bc6 14. Bd2 Nd7 15. Nd5 Qd8 16. Nxe7+ Qxe7 17. Rhe1 Nb6 18. Bf1 Rfd8 19. Qg4 Rac8 20. Bb4 Rxd1+ 21. Rxd1 Qe8 22. Bd3 Bb5 23. Be4 Bc6 24. Bd3 Bd5 25. b3 Qc6 26. Rf1 Qd7 27. Kb2 Bc6 28. Bd6 Nd5 29. c4 f5 30. Qg5 h6 31. Qd2 Nf6 32. Bxf5 exf5 33. exf6 Rd8 34. Rd1 Qf7 35. fxg7 Qxg7+ 36. Ka3 Qg6 37. c5 b6 38. Qd4 Kh7 39. cxb6 axb6 40. Qxb6 Ra8+ 41. Kb4 1-0

[Event "corr"]
[Site "corr"]
[Date "1996.??.??"]
[Round "?"]
[White "Dufek, Jiri"]
[Black "Simek, Jiri"]
[Result "1-0"]
[WhiteElo "2335"]
[BlackElo "2215"]
[PlyCount "73"]
[EventDate "1996.??.??"]
[EventType "game (corr)"]
[EventRounds "9"]
[SourceTitle "Corr 2000"]
[Source "ChessBase"]
[SourceDate "2000.04.19"]
[SourceVersion "1"]
[SourceVersionDate "2000.04.19"]
[SourceQuality "1"]

1. e4 c5 2. Nf3 Nc6 3. d4 cxd4 4. Nxd4 Nf6 5. Nc3 e5 6. Ndb5 d6 7. Bg5 a6 8. Na3 b5 9. Bxf6 gxf6 10. Nd5 f5 11. Bd3 Be6 12. Qh5 Bg7 13. 0-0 f4 14. c4 bxc4 15. Bxc4 0-0 16. Rac1 Rb8 17. b3 Qd7 18. Rfd1 Kh8 19. Qh4 f5 20. Nxf4 exf4 21. Bxe6 Qxe6 22. Rxc6 fxe4 23. Rcxd6 Qe8 24. Nc4 e3 25. fxe3 fxe3 26. Re1 Qf7 27. Nxe3 Rbe8 28. Rf1 Qa7 29. Rxf8+ Bxf8 30. Qf6+ Bg7 31. Qf2 Qc5 32. Rd5 Qc6 33. Rd1 Rf8 34. Nf5 a5 35. g4 Be5 36. Re1 Qc7 37. Qe2 1-0

[Event "corr"]
[Site "corr"]
[Date "1996.??.??"]
[Round "?"]
[White "Holeksa, Miloslav"]
[Black "Dufek, Jiri"]
[Result "0-1"]
[WhiteElo "2120"]
[BlackElo "2335"]
[PlyCount "46"]
[EventDate "1996.??.??"]
[EventType "game (corr)"]
[EventRounds "9"]
[SourceTitle "Corr 2000"]
[Source "ChessBase"]
[SourceDate "2000.04.19"]
[SourceVersion "1"]
[SourceVersionDate "2000.04.19"]
[SourceQuality "1"]

1. e4 e6 2. d4 d5 3. Nd2 Nf6 4. e5 Nfd7 5. f4 c5 6. c3 Nc6 7. Ndf3 Qb6 8. h4 Be7 9. g3 cxd4 10. cxd4 f6 11. Bh3 0-0 12. Bxe6+ Kh8 13. exf6 Nxf6 14. Bxc8 Raxc8 15. a3 Na5 16. Ne2 Nb3 17. Ra2 Nxc1 18. Nxc1 Rxc1 19. Qxc1 Qb3 20. 0-0 Qxa2 21. Qc7 Bd8 22. Qd6 Re8 23. Ne5 Qb3 0-1